Tracez les côtes des Amériques avec une carte - Statistiques

Statistiques générales
  • Ce quiz a été pris 2 013 fois
    1 612 depuis la dernière actualisation
  • Le résultat moyen est 27 sur 33
Réponses sur la Carte
Les réponses sont colorées sur une échelle allant du rouge au vert en fonction du pourcentage des utilisateurs qui les ont devinées à leur premier essai. Vous pouvez retrouver ces pourcentages ci-dessous.
 
Statistiques - réponses
Pays % Correct
Canada
100%
Etats-Unis(Alaska)
99%
Etats-Unis(Point Roberts)
87%
Mexique
87%
Canada
86%
Canada (péninsule Tsawwassen)
86%
Etats-Unis
86%
Guatemala
83%
Argentine
82%
Brésil
82%
Chili
82%
Colombie
82%
Costa Rica
82%
Honduras
82%
Panama
82%
Pérou
82%
Salvador
82%
Uruguay
82%
Colombie
81%
Équateur
81%
France (Guyane)
81%
Guyana
81%
Nicaragua
81%
Suriname
81%
Venezuela
81%
Etats-Unis
80%
Mexique
80%
Panama
80%
Costa Rica
79%
Nicaragua
79%
Belize
78%
Guatemala
78%
Honduras
78%
Aucun quiz correspondant
Distribution des résultats
% des personnes avec chaque résultat
Percentile par nombre de réponses
Votre historique - résultats
Vous n’avez pas pris ce quiz depuis la dernière actualisation